Analysis of Mechanical Properties of Medium Carbon Steel Grade SAE 1040 Using Heat Treatment Processes (Record no. 67293)

MARC details
000 -LEADER
fixed length control field 00553nam a22001217a 4500
100 ## - MAIN ENTRY--AUTHOR NAME
Personal name Muswar Ali Farhad
-- 18MME03
-- Supervisor - Dr Qadir Bakhsh Jamali
245 ## - TITLE STATEMENT
Title Analysis of Mechanical Properties of Medium Carbon Steel Grade SAE 1040 Using Heat Treatment Processes
260 ## - PUBLICATION, DISTRIBUTION, ETC. (IMPRINT)
Place of publication Nawabshah
Name of publisher QUEST
Year of publication 2020
300 ## - PHYSICAL DESCRIPTION
Number of Pages 82p.
650 ## - SUBJECT ADDED ENTRY--TOPICAL TERM
Topical Term Heat Treatment Processes
-- Analysis of Mechanical Properties
-- Medium Carbon Steel Grade
-- Manufacturing Engineering
-- Department of Mechanical Engineering
856 ## - ELECTRONIC LOCATION AND ACCESS
Uniform Resource Identifier https://tinyurl.com/5ykrevkc
942 ## - ADDED ENTRY ELEMENTS (KOHA)
Koha item type Thesis and Dissertation
Holdings
Withdrawn status Lost status Home library Current library Date acquired Accession Number Koha item type
    Research Section Research Section 02/09/2021 MP/64-817 Thesis and Dissertation